00350pab a2200121 454500008004000000100001800040245004800058260000900106300001100115362001400126650003200140773005600172180718b1987 xxu||||| |||| 00| 0 eng d aAnand Prakash aConstitutional protection to civil servants c1987 a92-105 aJan.-Jun. aPersonnel, Public - Appeals aJournal of Constitutional and Parliamentary Studies